| 000 | 00527 a2200169 4500 | ||
|---|---|---|---|
| 999 |
_c170 _d170 |
||
| 008 | 210416b ||||| |||| 00| 0 eng d | ||
| 020 | _a9780814434758 | ||
| 082 | 0 | 0 |
_a658.84 _bB133 |
| 100 |
_aBade, Donna L. _94952 |
||
| 245 |
_aExport import procedures documentation / _cby Donna L. Bade. |
||
| 250 | _a5th ed. | ||
| 260 |
_aNew York: _bAMACOM, _c2015. |
||
| 300 | _axvii, 606 p. | ||
| 504 | _aAMACOM : a division of American Management Association, I60I Broadway, New York | ||
| 650 | 0 | _aExports Management | |
| 942 |
_2ddc _cBK |
||